Manuel González Prada

Gespeichert in:
Bibliographische Detailangaben
1. Verfasser: Velit Granda, Juan
Format: Buch
Sprache:Undetermined
Veröffentlicht: San José, Costa Rica Ministerio de Cultura, Juventud y Deportes 1977
Schlagworte:
Tags: Tag hinzufügen
Keine Tags, Fügen Sie den ersten Tag hinzu!

MARC

LEADER 00000nam a2200000Ia 4500
008 170316s9999 xx 000 0 und d
040 |a cru BVZT 
090 |a 860 V-11m 
100 |a Velit Granda, Juan 
245 |a Manuel González Prada 
260 |a San José, Costa Rica  |b Ministerio de Cultura, Juventud y Deportes  |c 1977 
300 |a 436 páginas 
650 |a LITERATURA LATINOAMERICANA 
999 |c 9298  |d 9298 
942 |c 15 D  |h 860 V-11m  |2 z